Normal view MARC view
  • ACI Committee 318.

Entry Corporate Name

Number of records used in: 3

001 - CONTROL NUMBER

  • control field: 20979

003 - CONTROL NUMBER IDENTIFIER

  • control field: NUST

005 - DATE AND TIME OF LATEST TRANSACTION

  • control field: 20190919194403.0

008 - FIXED-LENGTH DATA ELEMENTS

  • fixed length control field: 190919|| aca||aabn | a|a d

040 ## - CATALOGING SOURCE

  • Original cataloging agency: NUST
  • Transcribing agency: NUST

110 ## - HEADING--CORPORATE NAME

  • Corporate name or jurisdiction name as entry element: ACI Committee 318.

670 ## - SOURCE DATA FOUND

  • Source citation: Work cat.: (NUST)0: ACI 20978, Building code requirements for structural concrete (ACI 318M-08) and commentary /, 2008.
© 2023 Central Library, National University of Sciences and Technology. All Rights Reserved.